[Event "GER-chT U20 Girls"]
[Site "Kiel"]
[Date "2022.07.25"]
[Round "5.3"]
[White "Tabakh, Tassnim"]
[Black "Muedder, Melanie"]
[Result "0-1"]
[WhiteElo "1241"]
[BlackElo "1865"]
[PlyCount "62"]
[EventDate "2022.07.22"]
[EventType "team-swiss"]
[EventRounds "7"]
[EventCountry "GER"]
[SourceTitle "CBM 209 Extra"]
[Source "ChessBase"]
[SourceDate "2022.09.30"]
[SourceVersion "1"]
[SourceVersionDate "2022.09.30"]
[SourceQuality "1"]
[WhiteTeam "Bad Oldesloe"]
[BlackTeam "Solingen SG"]
[WhiteTeamCountry "GER"]
[BlackTeamCountry "GER"]

1. Nf3 Nf6 2. d4 g6 3. Bg5 Ne4 4. Bh4 Bg7 5. g4 c5 6. c3 d5 7. h3 Nc6 8. e3 Qb6 9. Qc2 Bd7 10. Nbd2 Nxd2 11. Qxd2 0-0 12. 0-0-0 Rac8 13. Kb1 cxd4 14. exd4 Qa5 15. Bg2 b5 16. a3 Qb6 17. Ne5 Nxe5 18. dxe5 e6 19. Rhe1 a5 20. Qd4 Qb8 21. Bf1 b4 22. cxb4 Ba4 23. Rc1 Rxc1+ 24. Rxc1 Bxe5 25. Qc5 Bf4 26. Rc3 d4 27. Rc4 Bb3 28. Rxd4 Rc8 29. Bg3 Bxg3 30. Qxc8+ Qxc8 31. fxg3 Qc2+ 0-1

[Event "GER-chT U20 Girls"]
[Site "Kiel"]
[Date "2022.07.24"]
[Round "4.2"]
[White "Hrebenshchykova, Yelyzaveta"]
[Black "Tabakh, Tassnim"]
[Result "1-0"]
[WhiteElo "2088"]
[BlackElo "1241"]
[PlyCount "59"]
[EventDate "2022.07.22"]
[EventType "team-swiss"]
[EventRounds "7"]
[EventCountry "GER"]
[SourceTitle "CBM 209 Extra"]
[Source "ChessBase"]
[SourceDate "2022.09.30"]
[SourceVersion "1"]
[SourceVersionDate "2022.09.30"]
[SourceQuality "1"]
[WhiteTeam "Nuernberg Noris Tarrasch"]
[BlackTeam "Bad Oldesloe"]
[WhiteTeamCountry "GER"]
[BlackTeamCountry "GER"]

1. e4 c6 2. d4 d5 3. exd5 cxd5 4. c4 e6 5. Nc3 Bb4 6. Nf3 Bxc3+ 7. bxc3 b6 8. cxd5 exd5 9. Ne5 Qe7 10. Bb5+ Bd7 11. Bxd7+ Nxd7 12. 0-0 Nxe5 13. Re1 Qd7 14. Rxe5+ Ne7 15. Ba3 0-0 16. Rxe7 Qc6 17. Qd2 Rac8 18. Re3 Rfd8 19. Rae1 h6 20. h3 a5 21. Rg3 Re8 22. Re5 Re6 23. Rxe6 Qxe6 24. Qe3 Qc6 25. Qe5 g6 26. Qf4 g5 27. h4 f6 28. Qf5 Kh8 29. Be7 Kg7 30. Bxf6+ 1-0